| 000 | 00777cab a2200217 4500 | ||
|---|---|---|---|
| 001 | ABS38766 | ||
| 008 | 090401t1988 xxu||||| |||| 00| 0 eng d | ||
| 035 | _a(Sirsi) u12306 | ||
| 041 | _aeng | ||
| 100 | _aMarsh, P. | ||
| 245 | _aComputers for builders - by builders | ||
| 260 | _c1988 | ||
| 350 | _a0 | ||
| 490 |
_aHouse Builder _v47(2) February 1988, 58-59(2) |
||
| 520 | _aReviews the capabilities of software programs produced by Techsonix , who specialise in packages for contractors, estimators , quantity surveyors and engineers. The main feature of Techsonix systems is a computer-linked ultrasonic digitiser . | ||
| 650 | _aCOMPUTERS | ||
| 650 | _aCONSTRUCTION INDUSTRY | ||
| 690 | _aBUILDING AND CONSTRUCTION-COMPUTERS | ||
| 942 | _n0 | ||
| 948 | _c04/03/1997 | ||
| 999 |
_c7873 _d7873 |
||